[Event "Roncana op 1st"]
[Site "Santa Eulalia de Roncana"]
[Date "2007.09.29"]
[Round "3"]
[White "Rodriguez Barranco, Miquel A"]
[Black "Asensio Linan, Teodoro"]
[Result "1-0"]
[WhiteElo "2098"]
[BlackElo "2276"]
[PlyCount "49"]
[EventDate "2007.09.15"]
[EventType "swiss"]
[EventRounds "9"]
[EventCountry "ESP"]
[SourceTitle "EXT 2009"]
[Source "ChessBase"]
[SourceDate "2008.11.26"]
[SourceVersion "1"]
[SourceVersionDate "2008.11.26"]
[SourceQuality "1"]

1. e4 c5 2. Nf3 e6 3. d4 cxd4 4. c3 dxc3 5. Nxc3 a6 6. Bd3 Nc6 7. 0-0 Bc5 8. e5 Qc7 9. Bf4 Nge7 10. Rc1 Bb4 11. Ne4 f5 12. Nd6+ Kf8 13. Ng5 Ng6 14. Qh5 Bxd6 15. exd6 Qd8 16. Nxh7+ Kf7 17. Bxf5 exf5 18. Qxf5+ Kg8 19. Qxg6 b5 20. Rfe1 Bb7 21. Bg5 Qc8 22. Nf6+ Kf8 23. Re7 Nxe7 24. dxe7+ Kxe7 25. Nh7# 1-0

[Event "Canovelles op-A"]
[Site "Canovelles"]
[Date "1999.??.??"]
[Round "3"]
[White "Rodriguez Barranco, Miquel A"]
[Black "Minguez Rodriguez, Raul"]
[Result "0-1"]
[WhiteElo "2070"]
[BlackElo "2230"]
[PlyCount "80"]
[EventDate "1999.??.??"]
[EventType "swiss"]
[EventRounds "9"]
[EventCountry "ESP"]
[SourceTitle "EXT 2000"]
[Source "ChessBase"]
[SourceDate "1999.11.16"]
[SourceVersion "1"]
[SourceVersionDate "1999.11.16"]
[SourceQuality "1"]

1. e4 e5 2. Nf3 Nc6 3. Bc4 Bc5 4. b4 Bxb4 5. c3 Be7 6. d4 Na5 7. Nxe5 Nxc4 8. Nxc4 d5 9. exd5 Qxd5 10. Ne3 Qa5 11. 0-0 Nf6 12. Nc4 Qa6 13. Nbd2 0-0 14. Bb2 Bg4 15. Qc2 Be2 16. Rfe1 Bxc4 17. Nxc4 Qxc4 18. Rxe7 Rfe8 19. Re5 Nd7 20. Re3 Re6 21. Qb3 Nb6 22. Rae1 Rae8 23. Qxc4 Nxc4 24. Rxe6 Rxe6 25. Rxe6 fxe6 26. Bc1 e5 27. Kf1 exd4 28. cxd4 Kf7 29. Ke2 Ke6 30. Kd3 Kd5 31. Bf4 c6 32. f3 b5 33. Bg3 a5 34. Be1 b4 35. h4 Na3 36. g4 Nb5 37. Bf2 Nc3 38. a3 Nd1 39. Be1 bxa3 40. Bc3 Nxc3 0-1

[Event "Canovelles op-A"]
[Site "Canovelles"]
[Date "1999.??.??"]
[Round "7"]
[White "Rodriguez Barranco, Miquel A"]
[Black "Sorroche Martin, Jose Maria"]
[Result "1-0"]
[WhiteElo "2070"]
[BlackElo "2270"]
[PlyCount "91"]
[EventDate "1999.??.??"]
[EventType "swiss"]
[EventRounds "9"]
[EventCountry "ESP"]
[SourceTitle "EXT 2000"]
[Source "ChessBase"]
[SourceDate "1999.11.16"]
[SourceVersion "1"]
[SourceVersionDate "1999.11.16"]
[SourceQuality "1"]

1. e4 c6 2. d4 d5 3. exd5 cxd5 4. c4 Nc6 5. Nc3 Nf6 6. Nf3 e6 7. Be2 Be7 8. 0-0 0-0 9. Ne5 dxc4 10. Nxc6 bxc6 11. Bxc4 Qc7 12. Qe2 Rd8 13. Rd1 Bd6 14. Bg5 Bxh2+ 15. Kh1 Bd6 16. Ne4 Be7 17. Nxf6+ Bxf6 18. Bxf6 gxf6 19. Rac1 Qf4 20. g3 Qg5 21. f4 Qg6 22. Bd3 f5 23. g4 Qh6+ 24. Kg2 Qxf4 25. gxf5 Rxd4 26. Qf3 Qh4 27. Rc4 Rb8 28. Rxd4 Qxd4 29. Bc2 Qh4 30. f6 Bb7 31. Rd4 c5 32. Rxh4 Bxf3+ 33. Kxf3 Rxb2 34. Bxh7+ Kf8 35. Ra4 Rb7 36. Be4 Rc7 37. Bd3 Ke8 38. Bb5+ Kd8 39. Rg4 Kc8 40. a4 Kb7 41. Bc4 Kc6 42. Ke4 Rb7 43. Ke5 Rb4 44. Bxe6 fxe6 45. Rxb4 cxb4 46. f7 1-0

[Event "Canovelles op-A"]
[Site "Canovelles"]
[Date "1999.??.??"]
[Round "8"]
[White "Soler Colomer, Valenti"]
[Black "Rodriguez Barranco, Miquel A"]
[Result "1-0"]
[WhiteElo "2210"]
[BlackElo "2070"]
[PlyCount "91"]
[EventDate "1999.??.??"]
[EventType "swiss"]
[EventRounds "9"]
[EventCountry "ESP"]
[SourceTitle "EXT 2000"]
[Source "ChessBase"]
[SourceDate "1999.11.16"]
[SourceVersion "1"]
[SourceVersionDate "1999.11.16"]
[SourceQuality "1"]

1. d4 d5 2. c4 e6 3. Nc3 Nf6 4. cxd5 exd5 5. Bg5 Nbd7 6. e3 Be7 7. Qc2 0-0 8. Bd3 c6 9. Nge2 Re8 10. h3 Nf8 11. 0-0-0 b5 12. Kb1 Ne4 13. Bxe7 Qxe7 14. Bxe4 dxe4 15. g4 b4 16. Na4 Ba6 17. Nc5 Bxe2 18. Qxe2 Ne6 19. Nxe6 Qxe6 20. Rc1 a5 21. Rc5 b3 22. a3 a4 23. Rhc1 Qh6 24. Qf1 Re6 25. d5 cxd5 26. Rxd5 Ree8 27. Rd4 Kf8 28. Rcc4 Qa6 29. Qd1 Rec8 30. Rxa4 Qxa4 31. Rxa4 Rxa4 32. Qxb3 Rac4 33. a4 Rc1+ 34. Ka2 g6 35. a5 R8c5 36. Qb4 Kg7 37. Qd4+ Kg8 38. b4 R5c4 39. Qb6 Rc6 40. Qd4 R6c4 41. Qd7 Rc7 42. Qd5 R7c4 43. Kb3 R1c3+ 44. Ka4 Rc6 45. Kb5 Re6 46. a6 1-0